00354pab a2200133 454500008004000000100002200040245006700062260000900129300001200138362000900150650001800159700002300177773002000200180718b1987 xxu||||| |||| 00| 0 eng d aSatyanarayana, I. aCredit performance of RRBs (Regional Rural Banks) - case study c1987 a402 - 6 aJune aBanks - India aCh. Rushyendra Rao aKhadi Gramodyog